| 000 | 00625nam a2200157 4500 | ||
|---|---|---|---|
| 999 |
_c14517 _d14517 |
||
| 008 | 191001b ||||| |||| 00| 0 eng d | ||
| 022 | _a01559982 | ||
| 082 | _aDPer 657.05 Ac172 Mar 2012-Sept 2015 v. 36-39. | ||
| 100 |
_940124 _aHasseldine, John. |
||
| 245 |
_aCorporate social responsibility and tax avoidance: _ba comment and reflection; _cJohn Hasseldine and Gregory Morris. |
||
| 260 |
_aAmsterdam: _bElsevier Ltd, _c©Mar 2012-Sept 2015. |
||
| 300 |
_av37 i1 pages 1-14 : _billustrations; _c27 cm. |
||
| 650 |
_aSocial responsibility of business. _941747 |
||
| 700 |
_940127 _aMorris, Gregory. _eAuthor. |
||
| 942 |
_2ddc _cPER |
||